Представление документа в формате RUSMARC

ПолеНазваниеЗначение
  Тип записи a
  Библиографический уровень m
001 Контрольный номер RU/CBS_UL/BASE/8097fa8894704ffcb63e08e73dd85c29
005 Дата корректировки 20241202163434.8
010 Индекс ISBN __
a ISBN 978-5-7595-2092-4
b Уточнения в пер.
d Цена 831 р. 00 к.
9 Тираж 200 экз.
100 Данные общей обработки __
a Данные общей обработки 20160823d2016 ||| 0rusy0189 ca
101 Язык документа 0_
a Язык текста mdf
102 Страна публикации __
a Страна публикации RU
105 Кодированные данные (монография) __
a Кодированные данные (монография) y###||||000|y
200 Заглавие и сведения об ответственности 1_
a Заглавие Азбукась стихса
b Общее обозначение материала Текст
d Параллельное заглавие Азбука в стихах
e Сведения, относящиеся к заглавию на мордовском (мокшанском) и русском языках
f Первые сведения об ответственности Р. К. Орлова
210 Выходные данные 1_
a Место издания Саранск
c Издательство Мордовское книжное издательство
d Дата издания 2023
215 Физическое описание __
a Объем 35 с.
c Иллюстрации/тип воспроизводства ил.
d Формат 19 см.
300 Общие примечания __
a Общие примечания 0+
606 Тематические рубрики 0_
a Основная рубрика Мордовская детская литература, 20-21 вв. - Азбука
610 Ключевые слова 0_
a Ключевые слова литература детская
610 Ключевые слова 0_
a Ключевые слова стихи на мордовском
610 Ключевые слова 0_
a Ключевые слова стихи веселые
610 Ключевые слова 0_
a Ключевые слова буквы
610 Ключевые слова 0_
a Ключевые слова азбука
610 Ключевые слова 0_
a Ключевые слова обучение детей чтению
686 Индексы других классификаций __
a Классификационный индекс 84(2Рос=Морд)
2 Код системы ББК
700 Автор _0
a Фамилия Орлова
b Имя (инициалы) Р. К.
g Полное личное имя Раиса Константиновна
801 Источник записи _0
a Страна RU
b Организация МБУК ЦБС
c Дата составления 20160823
g Правила каталогизации RCR
801 Источник записи _1
a Страна RU
b Организация МБУК ЦБС г. Ульяновска
c Дата составления 20160823
g Правила каталогизации RCR
852 Данные о местонахождении __
i Авторский знак О-66
j Шифр хранения Р6=Морд
900 Электронные ресурсы __
a Имя электронного ресурса азбука в стихах
901 Тип документа __
t Тип документа m